| 000 | 00944nam a2200241 a 4500 | ||
|---|---|---|---|
| 001 | 39750 | ||
| 003 | BD-RjUL | ||
| 005 | 20211209053042.0 | ||
| 008 | 160417s2015 bg ||||| |||| 00| 0 ben d | ||
| 020 | _c: Tk.300.00 | ||
| 035 | _a(BD-RjUL) | ||
| 040 |
_aBD-RjUL _bben _cBD-RjUL |
||
| 041 | _aben | ||
| 082 |
_223 _a954.925 _bMAK 2015 |
||
| 100 |
_aমালেক, আ.ব.ম.আব্দুল _9122438 |
||
| 245 |
_aকয়রা উপজেলার ইতিহাস ও ঐতিহ্য / _cআ.ব.ম.আব্দুল মালেক |
||
| 260 |
_aঢাকা : _bঅ্যাডভান্সড পাবলিকেশন্স, _c২০১৫ |
||
| 300 |
_a৪১৩ পৃ. : _bচিত্র ; _c২১ সে.মি. |
||
| 500 | _aতথ্যসূত্র | ||
| 650 |
_aইতিহাস _zখুলনা (বাংলাদেশ) _9119448 |
||
| 650 |
_aHistory _zKhulna (Bangladesh) _9119449 |
||
| 942 |
_2ddc _cBK |
||
| 999 |
_c39750 _d39750 |
||